[Event "Skara Vastgota op"]
[Site "Skara"]
[Date "2023.02.18"]
[Round "5"]
[White "Johansson, Ulf"]
[Black "Cederqvist, Niclas"]
[Result "1-0"]
[WhiteElo "2205"]
[BlackElo "1932"]
[PlyCount "127"]
[EventDate "2023.02.18"]
[EventType "swiss"]
[EventRounds "9"]
[EventCountry "SWE"]
[SourceTitle "CBM 212 Extra"]
[Source "ChessBase"]
[SourceDate "2023.03.31"]
[SourceVersion "1"]
[SourceVersionDate "2023.03.31"]
[SourceQuality "1"]

1. Nf3 d5 2. g3 Nf6 3. Bg2 Bf5 4. c4 c6 5. b3 e6 6. Bb2 h6 7. 0-0 Be7 8. d3 0-0 9. Nbd2 Bh7 10. a3 a5 11. Rc1 dxc4 12. Nxc4 Na6 13. Qd2 a4 14. b4 Nc7 15. Rfd1 Nb5 16. e4 c5 17. bxc5 Bxc5 18. Qf4 Be7 19. Qe3 Nd7 20. d4 Nb6 21. d5 Nxc4 22. Rxc4 Nd6 23. Rcd4 Qb6 24. Ba1 exd5 25. Rxd5 Qxe3 26. fxe3 Nxe4 27. Rd7 Rfd8 28. Rxd8+ Rxd8 29. Rxd8+ Bxd8 30. Nd4 Be7 31. Bb2 Kf8 32. Nb5 Bc5 33. Bd4 b6 34. Bxe4 Bxe4 35. Kf2 Bxd4 36. exd4 Ke7 37. Ke3 Bc6 38. Nc3 Kd6 39. Kd3 f5 40. Kc4 g5 41. d5 Bd7 42. Kd4 Be8 43. Nd1 f4 44. gxf4 gxf4 45. Nc3 Bg6 46. Nxa4 f3 47. Ke3 b5 48. Nc3 f2 49. Kxf2 Kc5 50. Ke3 Kc4 51. d6 Be8 52. Ne4 Kb3 53. Nf6 Bc6 54. d7 Bxd7 55. Nxd7 Kxa3 56. Kd3 b4 57. Kc2 Ka2 58. Nc5 Ka3 59. h4 Ka2 60. h5 Ka3 61. Nb3 Ka2 62. Nd2 Ka3 63. Kb1 Ka4 64. Ne4 1-0

[Event "Skara Vastgota op"]
[Site "Skara"]
[Date "2023.02.18"]
[Round "2"]
[White "Lindgren, Philip"]
[Black "Cederqvist, Niclas"]
[Result "1-0"]
[WhiteElo "2375"]
[BlackElo "1932"]
[PlyCount "57"]
[EventDate "2023.02.18"]
[EventType "swiss"]
[EventRounds "9"]
[EventCountry "SWE"]
[SourceTitle "CBM 212 Extra"]
[Source "ChessBase"]
[SourceDate "2023.03.31"]
[SourceVersion "1"]
[SourceVersionDate "2023.03.31"]
[SourceQuality "1"]

1. d4 d5 2. c4 c6 3. Nf3 Nf6 4. Nc3 e6 5. e3 Nbd7 6. Qc2 a6 7. b3 b5 8. Bd3 Bb7 9. 0-0 Be7 10. Bb2 0-0 11. c5 h6 12. a3 Qc7 13. e4 dxe4 14. Nxe4 Nxe4 15. Bxe4 Bf6 16. Rfe1 Kh8 17. Rad1 a5 18. g3 Rfe8 19. Ne5 Nxe5 20. dxe5 Be7 21. Qc1 Kg8 22. Bb1 Bf8 23. h4 h5 24. Qc3 b4 25. axb4 axb4 26. Qxb4 Ra5 27. Qe4 g6 28. b4 Ra4 29. Rd6 1-0

[Event "SWE-chT 0809"]
[Site "Sweden"]
[Date "2009.03.14"]
[Round "10"]
[White "Cederqvist, Niclas"]
[Black "Magnusson, Jorgen"]
[Result "1-0"]
[WhiteElo "2166"]
[BlackElo "2295"]
[PlyCount "81"]
[EventDate "2008.10.25"]
[EventType "team-tourn"]
[EventRounds "11"]
[EventCountry "SWE"]
[SourceTitle "EXT 2011"]
[Source "ChessBase"]
[SourceDate "2010.11.26"]
[SourceVersion "1"]
[SourceVersionDate "2010.11.26"]
[SourceQuality "1"]

1. d4 f5 2. c4 Nf6 3. g3 g6 4. Bg2 Bg7 5. Nf3 0-0 6. 0-0 d6 7. Nc3 c6 8. Qc2 Na6 9. b3 Qe8 10. Ba3 b5 11. Bb2 Bd7 12. e3 e5 13. dxe5 dxe5 14. e4 b4 15. Nd1 Nxe4 16. Re1 Qb8 17. Nh4 Ng5 18. Qd2 Qd8 19. Bxe5 Bxe5 20. Rxe5 Qf6 21. f4 Rad8 22. Rc1 Bc8 23. Qe3 Nf7 24. Re7 Qd6 25. Nf2 Bd7 26. c5 Qf6 27. Nf3 Nc7 28. Ng5 Nd5 29. Bxd5 cxd5 30. Nxf7 Rxf7 31. Rxf7 Qxf7 32. c6 Bc8 33. Nd3 d4 34. Qf3 a5 35. Ne5 Qd5 36. Kf2 Qb5 37. Qd3 Qb6 38. Qc4+ Kh8 39. Nf7+ Kg7 40. Nxd8 d3+ 41. Kf3 1-0

[Event "SWE-chT 0809"]
[Site "Sweden"]
[Date "2008.12.07"]
[Round "5"]
[White "Cederqvist, Niclas"]
[Black "Landgren, Andreas"]
[Result "1/2-1/2"]
[WhiteElo "2166"]
[BlackElo "2210"]
[PlyCount "35"]
[EventDate "2008.10.25"]
[EventType "team-tourn"]
[EventRounds "11"]
[EventCountry "SWE"]
[SourceTitle "EXT 2011"]
[Source "ChessBase"]
[SourceDate "2010.11.26"]
[SourceVersion "1"]
[SourceVersionDate "2010.11.26"]
[SourceQuality "1"]

1. d4 d5 2. c4 e6 3. Nc3 c6 4. Nf3 dxc4 5. a4 Bb4 6. e4 b5 7. Be2 Bb7 8. 0-0 a6 9. Bg5 Ne7 10. Qc2 h6 11. Bh4 0-0 12. Rad1 Qa5 13. Ra1 Qc7 14. Bg3 Qb6 15. Rfd1 Rd8 16. b3 cxb3 17. Qxb3 Bd6 18. a5 1/2-1/2

[Event "SWE-chT 0708"]
[Site "Sweden"]
[Date "2007.11.18"]
[Round "5"]
[White "Cederqvist, Niclas"]
[Black "Smith, Axel"]
[Result "0-1"]
[WhiteElo "2131"]
[BlackElo "2403"]
[PlyCount "46"]
[EventDate "2007.10.19"]
[EventType "team"]
[EventRounds "11"]
[EventCountry "SWE"]
[SourceTitle "EXT 2009"]
[Source "ChessBase"]
[SourceDate "2008.11.26"]
[SourceVersion "1"]
[SourceVersionDate "2008.11.26"]
[SourceQuality "1"]
[WhiteTeam "Skara"]
[BlackTeam "Lund"]
[WhiteTeamCountry "SWE"]
[BlackTeamCountry "SWE"]

1. d4 d5 2. c4 e6 3. Nc3 c6 4. e3 Nf6 5. Nf3 Nbd7 6. cxd5 exd5 7. Bd3 Bd6 8. 0-0 0-0 9. Rb1 Qe7 10. Qc2 Re8 11. Bd2 Ne4 12. Rfd1 Ndf6 13. h3 Bf5 14. Be1 Qd7 15. Ne2 h6 16. b4 a6 17. a4 Bxh3 18. gxh3 Qxh3 19. Ng3 Bxg3 20. fxg3 Ng4 21. Bf1 Qxf1+ 22. Kxf1 Nxe3+ 23. Kg1 Nxc2 0-1

[Event "SWE-chT 0607"]
[Site "Sweden"]
[Date "2007.03.18"]
[Round "11"]
[White "Cederqvist, Niclas"]
[Black "De Verdier, Michael Carl Adam"]
[Result "1/2-1/2"]
[WhiteElo "2134"]
[BlackElo "2224"]
[PlyCount "31"]
[EventDate "2006.10.20"]
[EventType "team"]
[EventRounds "11"]
[EventCountry "SWE"]
[SourceTitle "EXT 2009"]
[Source "ChessBase"]
[SourceDate "2008.11.26"]
[SourceVersion "1"]
[SourceVersionDate "2008.11.26"]
[SourceQuality "1"]
[WhiteTeam "Skara"]
[BlackTeam "Eksjo"]
[WhiteTeamCountry "SWE"]
[BlackTeamCountry "SWE"]

1. d4 e6 2. e4 d5 3. exd5 exd5 4. Bd3 Nc6 5. c3 Bd6 6. h3 Nge7 7. Qf3 Be6 8. Ne2 Qd7 9. Bf4 Ng6 10. Bxd6 Qxd6 11. 0-0 0-0-0 12. Nd2 Nh4 13. Qg3 Nf5 14. Qxd6 Nxd6 15. Rfe1 Bf5 16. Bxf5+ 1/2-1/2

[Event "SWE-chT 0102"]
[Site "Sweden"]
[Date "2002.03.17"]
[Round "11"]
[White "Logdahl, Ulf"]
[Black "Cederqvist, Niclas"]
[Result "0-1"]
[WhiteElo "2014"]
[BlackElo "2113"]
[PlyCount "92"]
[EventDate "2001.10.12"]
[EventType "team"]
[EventRounds "11"]
[EventCountry "SWE"]
[SourceTitle "EXT 2003"]
[Source "ChessBase"]
[SourceDate "2002.11.25"]
[SourceVersion "1"]
[SourceVersionDate "2002.11.25"]
[SourceQuality "1"]
[WhiteTeam "Eskilstuna"]
[BlackTeam "Skara"]
[WhiteTeamCountry "SWE"]
[BlackTeamCountry "SWE"]

1. e4 e6 2. Nf3 d5 3. e5 c5 4. b4 b6 5. d4 a6 6. a3 cxd4 7. Qxd4 Ne7 8. Be3 Nd7 9. Bd3 Nc6 10. Qb2 Be7 11. h4 f6 12. exf6 Bxf6 13. c3 Nce5 14. Be2 Qc7 15. Ng5 Nf8 16. Bd4 Bb7 17. Nd2 h6 18. Nh3 0-0-0 19. Nf3 Nxf3+ 20. Bxf3 e5 21. Be3 Ne6 22. 0-0 Bxh4 23. a4 Kb8 24. a5 d4 25. Bxb7 Kxb7 26. cxd4 exd4 27. Rfc1 Qd6 28. Rd1 Bf6 29. Qe2 b5 30. Rac1 Qd5 31. Bf4 Rc8 32. Qd3 Rxc1 33. Rxc1 Rc8 34. Rxc8 Kxc8 35. Bg3 Be7 36. Qc2+ Qc4 37. Qe4 d3 38. Qa8+ Kd7 39. Qa7+ Ke8 40. Qe3 Bxb4 41. Nf4 d2 42. Nxe6 d1Q+ 43. Kh2 Kf7 44. Nxg7 Kxg7 45. Qe5+ Kg6 46. f4 Qh5+ 0-1

[Event "SWE-chT 0001"]
[Site "Sweden"]
[Date "2000.10.13"]
[Round "1"]
[White "Cederqvist, Niclas"]
[Black "Rylander, Dennis"]
[Result "1/2-1/2"]
[WhiteElo "2191"]
[BlackElo "2320"]
[PlyCount "56"]
[EventDate "2000.10.13"]
[EventType "team"]
[EventRounds "11"]
[EventCountry "SWE"]
[SourceTitle "EXT 2006"]
[Source "ChessBase"]
[SourceDate "2005.11.24"]
[SourceVersion "1"]
[SourceVersionDate "2005.11.24"]
[SourceQuality "1"]
[WhiteTeam "Skara"]
[BlackTeam "Stockholm Rockaden"]
[WhiteTeamCountry "SWE"]
[BlackTeamCountry "SWE"]

1. d4 f5 2. Nf3 Nf6 3. g3 g6 4. Bg2 Bg7 5. 0-0 0-0 6. c4 d6 7. Nc3 c6 8. d5 e5 9. dxe6 Bxe6 10. Qd3 Na6 11. Ng5 Qe7 12. Nxe6 Qxe6 13. Bf4 Rad8 14. Rad1 Nc5 15. Qc2 Rfe8 16. b3 Rd7 17. Be3 Nfe4 18. Nxe4 Nxe4 19. Bxe4 Qxe4 20. Qxe4 Rxe4 21. Rd2 Bc3 22. Rc2 Bd4 23. Bxd4 Rxd4 24. e3 Re4 25. Rd1 Kf7 26. Rcd2 Ke6 27. Kg2 Re5 28. Kf3 Rd8 1/2-1/2